000 00277nam a2200121 i 4500
001 bg
245 0 _aLosowe obciążenia i nośność konstrukcji.
260 _aWrocław,
_c1979.
040 _cBPK
041 _apol
942 _cKS
008 s pl f |000 0 pol
999 _c18561
_d18561
856 _uhttp://koha.tu.koszalin.pl/cgi-bin/koha/opac-detail.pl?biblionumber=18561
_yKatalog online BPK